000 00694nam a22002297a 4500
008 240706b mp ||||| |||| 00| 0 mon d
020 _a978-99962-1-990-0
035 _a21244
040 _aBH0164090
_bmon
_cMN-UlNLM
_dMN-UlNLM
_erda
041 _amon
042 _a94529
084 _2NNA
_a84/0/
_bД-39
100 _aДефо Д.
245 0 _aРобинзон Крузо
264 _aУлаанбаатар
_bМөнхийн үсэг ХХК
_c2013
300 _a61х.
336 _2rdacontent
_atext
_btxt
337 _2rdamedia
_aunmediated
_bn
338 _2rdacarrier
_avolume
_bnc
650 _aРобинзон Крузо аялал, хөлөг оншоц
942 _2NNA
_cBK
999 _c1119279
_d1119336